| 000 | 00671nam a22001817a 4500 | ||
|---|---|---|---|
| 999 |
_c178053 _d178053 |
||
| 005 | 20210312174150.0 | ||
| 010 | _aENG-129245 | ||
| 020 |
_a978-93-82400-38-7 _c450.00 |
||
| 035 | _aEN-112777 | ||
| 037 | _bDBAD/PUB | ||
| 082 | _a303.69 | ||
| 100 | _aRosenberg, Marshall B. | ||
| 245 |
_aSpeak Peace in a World of Conflict: what you say next will change your world/ _cMarshall B. Rosenberg |
||
| 260 |
_bBanyan Tree _aIndore _c2020 |
||
| 270 |
_a1-B, Dhenu Market, 1st Floor _bIndore _e452003 _mbanyantreebookstore@gmail.comtakali.india@gmail.com _k7312531488, 8989461462, 9425904428 |
||
| 300 |
_aix+188p. _c22cm(pbk) |
||
| 942 |
_2ddc _cEN _h303.69 _mROS |
||